00754nam a2200169 a 450000500170000000800410001702000180005805000230007610000170009924501040011626000380022030000190025844000340027752001680031165000350047965000700051420140412111319.0040420s19uu xx 00 eng d a0-8234-1414-0 aM 621.3bA237 1996 aAdler, David aA Picture book of Thomas Alva Edison /cDavid A. Adler; illustrtated by John and Alexander Wallner. aNew York :bHoliday House,c1996. a[30] p. ; ill. aPicture Book Biography Series aAn introduction to the genius with a curious mind who loved to experiment and who invented the phonograph, light bulb, movie camera, and the numerous other items. aEdison, Thomas A.xThomas Alva aElectric engineersxUnited StatesxBiographyxJuvenile literature